Responses for show #1675 - Friday, December 6, 1991

Contestants

Mark Weston, a writer from Armonk, New York

Jordan Lorence, a lawyer originally from Minneapolis, Minnesota

Dan Deacon, a senior marketing and business analyst from Wilkes-Barre, Pennsylvania (whose 2-day cash winnings total $20,501)

[next game >>]

Jeopardy! Round responses

EXPLORERS
MEDICINE
SPORTS LEGENDS
FOOD & DRINK
DESIGN
SALUTES & SALUTATIONS
    $100 1
Grand Canyon

Mark
    $100 14
nose job

Jordan
    $100 6
Babe Ruth

Mark
    $100 9
pig

Dan
    $100 19
leaf

Dan
    $100 25
Minnie Pearl

Jordan
    $200 2
St. Lawrence

Mark
    $200 15
teeth

Dan
    $200 7
Jim Brown

Dan
    $200 10
tea

Jordan
    $200 21
church

Dan
    $200 27
greeting

Mark
    $300 3
Cortés

Mark
    $300 16
baldness

Dan
    $300 8
Parnell (Parnelli Jones accepted)

Dan
    $300 11
vermouth

Dan
    $300 22
lion

Dan
    $300 28
hail

Dan
    $400 4
de Soto

Jordan
    $400 17
chronic

Dan
    $400 20
(Dan: What is golf?)
(Mark: What is tennis?)

swimming

DanMark
Triple Stumper
    $400 12
rice

Jordan
    $400 23
mother-of-pearl

Dan
    $600 29
(Alex: Played by Groucho Marx in the film Animal Crackers.)
[The song was not played going into the break.]

Captain Spaulding

Dan
    $500 5
(Jordan: Who is Hudson?

Verrazano

JordanMark
    $500 18
(Mark: What is bronchitis?)

black lung

JordanMark
    $500 26
(Dan: Who is Stan Smith?)

Rod Laver

DanMark
    $500 13
Dutch

Triple Stumper
    $500 24
sandalwood

Triple Stumper
    $500 30
Here's mud in your eye

Mark

Scores at the first commercial break (after clue 15):

Dan Jordan Mark
$1,100 $600 $1,200

Scores at the end of the Jeopardy! Round:

Dan Jordan Mark
$2,800 $1,200 $1,500

Double Jeopardy! Round responses

U.S. GOVERNMENT
THE QUEEN'S ENGLISH
SHOW BIZ BOOKS
HISTORIC QUOTES
WORLD CITIES
YE GODS!
    $200 1
the presidential salary

Mark
    $200 3
2 weeks

Mark
    $200 23
Alec Guinness

Dan
    $200 17
give me liberty or give me death

Dan
    $200 4
Lima

Mark
    $200 12
Poseidon

Mark
    $400 2
Federal Reserve Board (System)

Dan
    $400 18
(Mark: What are stables?)

stalls

DanMark
    $400 24
Larry King

Mark
    $400 22
Custer

Dan
    $400 5
Reykjavik

Dan
    $400 13
Titans

Mark
    $600 9
appellate

Mark
    $600 19
plugged it in

Dan
    $600 27
Davy Jones

Dan
    $600 25
Theodore Roosevelt

Mark
    $600 6
Johannesburg

Mark
    $600 14
Ra

Mark
    $800 10
a rider

Mark
    $800 20
trousers

Dan
    $800 28
Kenneth Branagh

Mark
    $800 26
a cross of gold

Dan
    $800 7
Haifa

Mark
    $800 15
goat

Mark
    $1,900 11
Ways and Means

Mark
    $1000 21
Samuel Plimsoll

Triple Stumper
    $1000 30
Marion Davies

Dan
    $1000 29
tribute

Dan
    $1,900 8
(Mark: What is Rouen?)

Reims

Mark
    $1000 16
Uranus

Triple Stumper

Scores at the end of the Double Jeopardy! Round:

Dan Jordan Mark
$9,600 $1,200 $8,300

[wagering suggestions for these scores]

Final Jeopardy! Round responses

SONG STANDARDS
(Alex: [To Mark] You didn't want to write "Alexander"? That's okay, it's a correct response.)
JordanWhat is the Bugle Boy of Company B?
$0
MarkWhat is Alex's Ragtime Band?
$8,300
DanWhat are the Boogie Woogie Bugle Boys?
$7,001
Alexander's Ragtime Band

Final scores:

Dan Jordan Mark
$2,599 $1,200 $16,600
2nd place: a trip on Delta to Hartford, Connecticut with stay at Sheraton Sturbridge Resort 3rd place: a Formosa drinking water system + NES with Super Jeopardy! + Wheel of Fortune + InfoGenius pak for Game Boy New champion: $16,600

Game dynamics:

Coryat scores:

Dan Jordan Mark
$9,400 $1,200 $9,300
25 R
(including 1 DD),
2 W
6 R,
1 W
23 R
(including 1 DD),
4 W
(including 1 DD)

Combined Coryat: $19,900

The J! Archive is created by fans, for fans. The Jeopardy! game show and all elements thereof, including but not limited to copyright and trademark thereto, are the property of Jeopardy Productions, Inc. and are protected under law. This website is not affiliated with, sponsored by, or operated by Jeopardy Productions, Inc. Join the discussion at JBoard.tv.